Những kỳ quan và di sản nhân loại
Salvato in:
| Autore principale: | |
|---|---|
| Natura: | Libro |
| Lingua: | Undetermined |
| Pubblicazione: |
Văn hóa thông tin
2000
|
| Tags: |
Aggiungi Tag
Nessun Tag, puoi essere il primo ad aggiungerne! !
|
| Thư viện lưu trữ: | Trung tâm Học liệu Trường Đại học Cần Thơ |
|---|
| LEADER | 00443nam a2200145Ia 4500 | ||
|---|---|---|---|
| 001 | CTU_49076 | ||
| 008 | 210402s9999 xx 000 0 und d | ||
| 082 | |a 720.9 | ||
| 082 | |b Th561 | ||
| 100 | |a TRẦN MẠNH THƯỜNG | ||
| 245 | 0 | |a Những kỳ quan và di sản nhân loại | |
| 245 | 0 | |c TRẦN MẠNH THƯỜNG | |
| 260 | |b Văn hóa thông tin | ||
| 260 | |c 2000 | ||
| 980 | |a Trung tâm Học liệu Trường Đại học Cần Thơ | ||